000 00348nam a22001457a 4500
008 210506b ||||| |||| 00| 0 eng d
020 _a9781323545355
041 _aeng
080 _a330.101.541
082 _a330.101.541
100 _a52
101 _aMAKRO
245 _aEconomics of Developing Countries
_cMichael P. Todaro
942 _2udc
_cBK
999 _c57082
_d57082